00531cam a2200193ua 450000100060000000800390000602000180004504000090006304100080007208200110008010000360009124500890012725000120021626000370022830000100026565300140027565300210028970000270031010164170921n ii |||gr||||Z||||||asm a9789382030676 cMAIN aasm a370.54 aBorkakati, Bidyananda,eAuthor. aHistory of Indian education (upto 1947) (A)cBy Bidyananda Borkakati and Rimjim Bora a1st ed. aJorhat:bUnika prakashan,c2014. a324p. aEducation aIndian education aBora, Rimjim,eAuthor.